| 000 | 00760nam a22002057a 4500 | ||
|---|---|---|---|
| 005 | 20220729141022.0 | ||
| 008 | 220728s2005 mx a|||f |||| 00| 0 spa d | ||
| 020 | _a970-9871-05-8 (Volumen 2) | ||
| 040 | _cCHAP | ||
| 082 |
_a378.7247 _bA66 v.2 _222 |
||
| 100 |
_9185254 _aArce Rodríguez, Mercedes |
||
| 245 |
_aEducación tecnológica en Tlaxcala : _bresultados finales de investigación / _cpor Mercedes Arce Rodríguez. |
||
| 264 |
_aTlaxcala, México : _bEl Colegio de Tlaxcala : _bUSET : _bSEPUEDE, _c2005. |
||
| 300 |
_a159 páginas : _btablas,cuadros,gráficas. |
||
| 336 |
_2texto _atxt _brdacontenido |
||
| 337 |
_2sinmedio _an _brdamedia |
||
| 338 |
_2volumen _anc _brdacarrier |
||
| 650 | 0 |
_9185217 _aEducación técnica _zTlaxcala |
|
| 942 |
_2ddc _cLIBRO |
||
| 999 |
_c217447 _d217447 |
||